|
|
|
|
| LEADER |
00000nam a2200000Ia 4500 |
| 008 |
150813b2001 S ||||| |||| 00| | spa d |
| 020 |
|
|
|a 8449311357
|
| 090 |
|
|
|a 06.05.03
|b 428
|
| 100 |
1 |
|
|a Cabero, Julio
|9 838
|
| 245 |
1 |
0 |
|a Tecnología educativa : Diseño y utilización de medio en la enseñanza
|
| 260 |
|
|
|a Barcelona, España :
|b Paidós,
|c 2001
|
| 300 |
|
|
|a 539 páginas
|
| 650 |
1 |
4 |
|a TECNOLOGÍA EDUCATIVA
|9 483
|
| 650 |
1 |
4 |
|a MATERIAL DIDÁCTICO
|9 785
|
| 650 |
1 |
4 |
|a EVALUACIÓN DE LA EDUCACIÓN
|9 308
|
| 650 |
1 |
4 |
|a INVESTIGACIÓN
|9 163
|
| 650 |
1 |
4 |
|a HISTORIA
|9 22
|
| 942 |
|
|
|i 00753
|h 06.05.03 428
|2 z
|c 01
|
| 999 |
|
|
|c 200
|d 200
|